000 00555nam a2200181Ia 4500
008 220531s9999 xx 000 0 und d
041 _amar
100 _aदाभोलकर न.
_970695
245 _aतिमिरातुनी तेजाकडे समग्र अंधश्रध्दा निर्मलन व पुढे
250 _a1ST
260 _aPune
_bRajhans
_c2010
300 _a471
542 _d18-09-2014
551 _aSociology
650 _aSociology
_970696
906 _d2014-2015
_f1218
999 _c39579
_d39579